<The> Effect of Company Guest Speakers on Perceived Employer Attractiveness
Značky zamestnávateľov a ich zásadná úloha pri získavaní a udržaní kvalifikovaných a motivovaných zamestnancov organizácie. Metódy komunikácie so zamestnávateľskou značkou - webové stránky kariéry spoločnosti, sociálne médiá alebo veľtrhy práce či vysielanie hosťujúcich rečníkov na univerzity a obch...
Salvato in:
| Autore principale: | |
|---|---|
| Altri autori: | , , |
| Natura: | Capitolo di libro |
| Lingua: | inglese |
| Soggetti: | |
| Tags: |
Nessun Tag, puoi essere il primo ad aggiungerne!!
|
MARC
| LEADER | 00000naa a2200000 4500 | ||
|---|---|---|---|
| 001 | 0261947 | ||
| 005 | 20200130121100.1 | ||
| 041 | 0 | |a eng | |
| 044 | |a SK | ||
| 245 | 1 | 0 | |a <The> Effect of Company Guest Speakers on Perceived Employer Attractiveness |c Stephan Weinert, Elmar Günther, Edith Rüger-Muck, Gerhard Raab |
| 520 | |a Značky zamestnávateľov a ich zásadná úloha pri získavaní a udržaní kvalifikovaných a motivovaných zamestnancov organizácie. Metódy komunikácie so zamestnávateľskou značkou - webové stránky kariéry spoločnosti, sociálne médiá alebo veľtrhy práce či vysielanie hosťujúcich rečníkov na univerzity a obchodné školy. Analýza účinnosti hovoriacich hostí o príťažlivosti zamestnávateľa. | ||
| 610 | 2 | 0 | |a zamestnávatelia |
| 610 | 2 | 0 | |a značky |
| 610 | 2 | 0 | |a študenti |
| 610 | 2 | 0 | |a prednášatelia |
| 610 | 2 | 0 | |a prednášky |
| 610 | 2 | 0 | |a efektívnosť |
| 100 | 1 | |a Weinert, Stephan | |
| 700 | 1 | |a Günther, Elmar | |
| 700 | 1 | |a Rüger-Muck, Edith | |
| 700 | 1 | |a Raab, Gerhard | |